000 00812nam a2200253 i 4500
001 bg
100 1 _aPazdro, Kazimierz.
245 1 0 _aInstalacje elektryczne w budynkach mieszkalnych :
_bw pytaniach i odpowiedziach /
_cKazimierz Pazdro, Antoni Wolski.
250 _aWyd. 7 częśc. zm.
260 _aWarszawa :
_bWydawnictwa Naukowo-Techniczne,
_c1999.
300 _a219, [1] s. :
_b3 faks., 1 fot., rys., wykr. ;
_c21 cm.
504 _aBibliogr. s. 218-[220].
650 9 _aInstalacje elektryczne
650 9 _aBudownictwo mieszkaniowe
_xelektrotechnika
655 _aPoradniki
700 1 _aWolski, Antoni.
020 _a8320424135
040 _cBPK
041 0 _apl
080 _a696::728:621.31](083.1)
920 _a83-204-2413-5
942 _cKS
008 s pl f |000 0 pol
999 _c36878
_d36878
856 _uhttp://koha.tu.koszalin.pl/cgi-bin/koha/opac-detail.pl?biblionumber=36878
_yKatalog online BPK